|
|
|
|
| LEADER |
00739nam a22001697a 4500 |
| 020 |
|
|
|a 81-7270-021-0
|
| 082 |
|
|
|a 491.25
|b RAG/V
|
| 100 |
|
|
|a शर्मा, रघुनाथ . Sarma, Raghunatha.
|
| 245 |
|
|
|a वाक्यपदीयम् : श्री भर्तहरिप्रणीतं . Vakyapadiyam : Sri Bhartrhari praneetam.
|c रघुनाथ शर्मा . Raghunatha Sarma .
|
| 250 |
|
|
|a 2nd ed.
|
| 260 |
|
|
|a Varanasi :
|b Sampurnanand Sanskrit University,
|c 2000.
|
| 300 |
|
|
|a 682p. :
|
| 504 |
|
|
|a Part-3.
|
| 650 |
|
|
|a Grammar - Sanskrit language.
|
| 942 |
|
|
|c BK
|
| 999 |
|
|
|c 299006
|d 299006
|
| 952 |
|
|
|0 0
|1 0
|4 0
|6 491_250000000000000_RAG_V
|7 0
|8 NFIC
|9 318968
|a SAN
|b SAN
|c GEN
|d 2020-09-19
|o 491.25 RAG/V
|p SAN16861
|w 2020-09-19
|y BK
|